| 000 | 01193cam a2200373Ia 4500 | ||
|---|---|---|---|
| 999 |
_c113074 _d113074 |
||
| 003 | BJBSDDR | ||
| 005 | 20230411090135.0 | ||
| 007 | ta | ||
| 008 | 021104s1987 enk 000 0 eng d | ||
| 020 | _a0852294662 | ||
| 020 | _a9780852294666 | ||
| 035 | _a(OCoLC)ocm25604419 | ||
| 035 | _a(OCoLC)25604419 | ||
| 040 |
_aMMC _cMMC _bspa |
||
| 041 | _aspa | ||
| 049 | _aGRAL | ||
| 050 |
_aR AE 5 _bB862 1987 |
||
| 082 | 0 | 0 | _a031 |
| 245 | 0 | 0 |
_aBritannica book of the year, 1987 / _cEditor Daphne Daume. |
| 246 | 3 | 0 | _a1987 Britannica book of the year. |
| 246 | 3 | 0 | _a1987 Britannica world data annual |
| 260 |
_aChicago : _bEncyclopaedia Britannica, _c1987. |
||
| 300 |
_a958 p. : _bill. (some col.), maps, ports. ; _c29 cm. |
||
| 500 | _aIncludes index. Spine title: Britannica world data, 1987. | ||
| 650 | 0 | _aEncyclopedias and dictionaries. | |
| 650 | 4 |
_aEnciclopedias y diccionarios. _9382 |
|
| 650 | 4 |
_aAnuarios _93718 |
|
| 700 | 1 |
_aDaume, Daphne _96531 _eeditor |
|
| 710 | 2 |
_92768 _aEncyclopaedia Britannica, inc. |
|
| 730 | 0 | 4 |
_93719 _aEncyclopaedia Britannica. |
| 740 | 0 | 1 | _a1987 Britannica book of the year. |
| 740 | 0 | 2 | _aBritannica world data Annual |
| 942 |
_2lcc _cBK |
||